Sócrates: el enigma de enseñar

שמור ב:
מידע ביבליוגרפי
מחבר ראשי: Kohan, Walter Omar (Author)
פורמט: ספר
שפה:ספרדית
יצא לאור: Buenos Aires Biblos 2009
מהדורה:1a. ed
סדרה:Filosofía
נושאים:
תגים: הוספת תג
אין תגיות, היה/י הראשונ/ה לתייג את הרשומה!

MARC

LEADER 00000nam a2200000 a 4500
001 UCG5294
003 CL-VaPUC
008 110224e20090000AG |||||||||||||||||spa|d
020 |a 9789507867118 
082 0 4 |a 184  |b KOH  |2 21 
100 |a Kohan, Walter Omar  |e author  |9 554943 
245 1 0 |a Sócrates: el enigma de enseñar 
250 |a 1a. ed 
300 |a 131 p 
942 |c BK 
945 |d 20110224 00:00:00  |a cmena 
260 |a Buenos Aires  |b Biblos  |c 2009 
600 0 |a Sócrates  |9 266368 
650 0 |a Filosofía antigua   |9 255705 
650 0 |a Escuelas filosóficas   |9 266232 
650 0 |a Filosofía de la educación   |9 258384 
583 |a last modification  |c 20110224 00:00:00  |k Rodrigo Vera 
490 0 |a Filosofía 
999 |c 343845  |d 343843 
952 |0 0  |1 0  |4 0  |6 184_000000000000000_KOH_2009  |7 0  |8 A  |9 441486  |a BIBHIS  |b BIBHIS  |d 2019-11-22  |i 4750829  |l 1  |o 184 KOH 2009  |p 4750829  |r 2025-01-20  |s 2024-10-10  |w 2019-11-22  |y BK  |k HIS